Jabka z borovice /

Útlá publikace plná autobiografických vzpomínek na dětství v 70. a 80. letech 20. století, úryvků z deníčků, fotografií a poezie.

Hlavní autor: Hojná, Monika, 1972-
Jazyk: Čeština
Vydáno: Vrchlabí : Green Mango s.r.o., 2024
Témata:
Fyzický popis: 99 stran : ilustrace ; 21 cm
Knihy
Uloženo v:
LEADER 02973nam a2200649 i 4500
001 nkc20243601002
003 CZ PrNK
005 20260202091022.0
007 ta
008 240507s2024 xr a g 000 macze
015 |a cnb003601002 
020 |a 978-80-908805-7-3  |q (brožováno) 
035 |a (OCoLC)1477940267 
040 |a ABG001  |b cze  |d ABA001  |e rda 
043 |a e-xr---  |b e-xr-kr  |2 czenas 
045 |a x-x- 
072 7 |a 821.162.3  |x Česká literatura  |2 Konspekt  |9 25 
072 7 |a 929  |x Biografie  |2 Konspekt  |9 8 
080 |a 821.162.3-32  |2 MRF 
080 |a 821.162.3-1  |2 MRF 
080 |a 821.162.3-055.2  |2 MRF 
080 |a 316.728  |2 MRF 
080 |a 929  |2 MRF 
080 |a (437.313)  |2 MRF 
080 |a (0:82-322.6)  |2 MRF 
080 |a (0:82-1)  |2 MRF 
100 1 |a Hojná, Monika,  |d 1972-  |7 mzk2015896011  |4 aut  |4 pbl 
245 1 0 |a Jabka z borovice /  |c Monika Hojná 
264 1 |a Vrchlabí :  |b Green Mango s.r.o.,  |c 2024 
300 |a 99 stran :  |b ilustrace ;  |c 21 cm 
336 |a text  |b txt  |2 rdacontent 
337 |a bez média  |b n  |2 rdamedia 
338 |a svazek  |b nc  |2 rdacarrier 
520 2 |a Útlá publikace plná autobiografických vzpomínek na dětství v 70. a 80. letech 20. století, úryvků z deníčků, fotografií a poezie.  |b Autorka Monika Hojná čtenáři představuje své dětství prožité na osadě Borovice, části obce Libníkovice u Hradce Králové. Krátké texty proložené úryvky z (tehdejších) deníčků a (současnými) básněmi nápaditě a poeticky zaznamenávají 70. a 80. léta minulého století prostřednictvím dětských prožitků. Dílo nabízí s odstupem čtyř desítek let neotřelý pohled na život na venkově tak, jak si jej dodnes mnozí padesátnici pamatují. Nakladatelská anotace. Kráceno. 
600 1 7 |a Hojná, Monika,  |d 1972-  |7 mzk2015896011  |2 czenas 
648 7 |a 20.-21. století  |7 ch462155  |2 czenas 
648 7 |a 20. století  |7 ch460558  |2 czenas 
650 0 7 |a české spisovatelky  |7 ph128153  |y 20.-21. století  |2 czenas 
650 0 7 |a české spisovatelky  |7 ph128153  |x dětství  |2 czenas 
650 0 7 |a každodenní život  |7 ph121555  |z Česko  |y 20. století  |2 czenas 
650 0 9 |a Czech women authors  |y 20th-21st centuries  |2 eczenas 
650 0 9 |a Czech women authors  |x childhood  |2 eczenas 
650 0 9 |a everyday life  |z Czechia  |y 20th century  |2 eczenas 
651 7 |a Borovice (Libníkovice, Česko)  |7 ge1237598  |2 czenas 
651 9 |a Borovice (Libníkovice, Czechia)  |2 eczenas 
655 7 |a české příběhy  |7 fd133973  |2 czenas 
655 7 |a autobiografické příběhy  |7 fd131891  |2 czenas 
655 7 |a česká poezie  |7 fd133958  |2 czenas 
655 9 |a Czech stories  |2 eczenas 
655 9 |a autobiographical stories  |2 eczenas 
655 9 |a Czech poetry  |2 eczenas 
910 2 |a BOA001  |b 2-1530.421 
920 |a 4983844  |z ABG001 
990 |a BK 
995 |a 01 
991 |b 202409  |c NOV 
996 6 |b 2610978977  |c 2-1530.421  |l MZK  |r Sklad / do 1 hodiny  |n 0  |p p.v.  |w 001976656  |u 000010  |a 1  |e BOA001  |j MZK50  |s P